000 00794cab a2200265 4500
001 ABS57606
008 090401t1997 xxu||||| |||| 00| 0 eng d
035 _a(Sirsi) u80929
041 _aeng
245 _aResidential investments - what borrowing criteria can you expect?
260 _c1997
350 _a0
490 _aProperty Finance & Development
_v9(8) August 1997, 3-4(2)
520 _aAdvice on gauging the residential investment market. Outlines key points to consider before investing.
650 _aHOUSING INVESTMENT
650 _aHOUSING MARKET
650 _aINSTITUTIONS
650 _aINVESTMENT MARKET
650 _aINVESTMENT PORTFOLIOS
650 _aINVESTORS
650 _aRESIDENTIAL INVESTMENT
690 _aHOUSING
942 _n0
948 _c17/09/1997
999 _c50972
_d50972